Historia de la economía norteamericana : (Registro nro. 11687)

Detalles MARC
000 -LEADER
fixed length control field 01066nam a2200265Ia 4500
003 - CONTROL NUMBER IDENTIFIER
control field OSt
005 - DATE AND TIME OF LATEST TRANSACTION
control field 20210519154720.0
008 - FIXED-LENGTH DATA ELEMENTS--GENERAL INFORMATION
fixed length control field 210310s1967 ar ado gr 000 0 spa d
040 ## - CATALOGING SOURCE
Original cataloging agency CO-JMCR
Transcribing agency CO-JMCR
041 1# - LANGUAGE CODE
Language code of text/sound track or separate title spa
Language code of original eng
082 04 - DEWEY DECIMAL CLASSIFICATION NUMBER
Classification number 330.973 /
Item number R652h
Edition number 23
100 1# - MAIN ENTRY--PERSONAL NAME
Personal name Robertson, Ross M.,
Relator term autor
9 (RLIN) 26193
245 10 - TITLE STATEMENT
Title Historia de la economía norteamericana :
Remainder of title un certero análisis de los ciclos económicos, desde la colonia hasta la organización industrial de nuestros días /
Statement of responsibility, etc. Ross M. Robertson ; traducción, Juan R. Bach
250 ## - EDITION STATEMENT
Edition statement Segunda edición
260 ## - PUBLICATION, DISTRIBUTION, ETC.
Place of publication, distribution, etc. Argentina :
Name of publisher, distributor, etc. Bibliografía Argentina,
Date of publication, distribution, etc. 1967
300 ## - PHYSICAL DESCRIPTION
Extent 494 páginas :
Other physical details ilustraciones, gráficas y fotografías en blanco y negro ;
Dimensions 19 cm.
490 0# - SERIES STATEMENT
Series statement América en letras
500 ## - GENERAL NOTE
General note Incluye índice analítico.
504 ## - BIBLIOGRAPHY, ETC. NOTE
Bibliography, etc. note Bibliografía : páginas 463-484.
505 0# - FORMATTED CONTENTS NOTE
Formatted contents note Desde 1921 hasta actualidad. --
650 14 - SUBJECT ADDED ENTRY--TOPICAL TERM
Topical term or geographic name entry element Historia económica
9 (RLIN) 37680
650 24 - SUBJECT ADDED ENTRY--TOPICAL TERM
Topical term or geographic name entry element Economía Norteamericana
9 (RLIN) 37681
700 1# - ADDED ENTRY--PERSONAL NAME
Personal name Bach, Juan R.,
Relator term traductor
9 (RLIN) 37682
942 ## - ADDED ENTRY ELEMENTS (KOHA)
Source of classification or shelving scheme Dewey Decimal Classification
Koha item type Books
Existencias
Withdrawn status Lost status Source of classification or shelving scheme Damaged status Not for loan Home library Current library Shelving location Date acquired Source of acquisition Full call number Barcode Date last seen Copy number Price effective from Koha item type
    Dewey Decimal Classification     Biblioteca Pública José María del Castillo y Rada Biblioteca Pública José María del Castillo y Rada General Stacks 04/15/2018 Donación 330.973 / R652h 430004127 05/16/2024 Ej.1 03/10/2021 Books